WeMedia

Bibliographic Details
Previous Title:We (New York, N.Y. : 1997)
Format: Electronic Journal
Language:English
Published: New York, N.Y. : WeMedia
Subjects:
Online Access:Full text available from Research Library: 09/01/2000 to 09/30/2001

MARC

LEADER 00000nas a2200000 a 4500
001 ssj0000398615
003 WaSeSS
005 20200512172242.0
006 m d
007 cr n
008 030417d20002001nyubr pss 0 a0eng c
010 |a  2010268577 
035 |a (WaSeSS)ssj0000398615 
040 |a TXU  |b eng  |c TXU  |d OCLCQ  |d AU@  |d OCLCQ  |d SERSO  |d OCLCQ  |d OCLCF  |d OCLCQ  |d WT2  |d OCLCQ  |d WaSeSS 
042 |a pcc 
043 |a n-us--- 
050 4 |a HV1568  |b .W46 
082 0 4 |a 305.90816  |2 21 
130 0 |a WeMedia (Online) 
245 1 0 |a WeMedia  |h [electronic resource]. 
246 1 8 |a WeMedia lifestyle magazine 
260 |a New York, N.Y. :  |b WeMedia 
310 |a Bimonthly 
362 1 |a Began with vol. 4, no .5 (Sept./Oct. 2000), ceased with vol. 5, no. 4 (Sept./Oct. 2001). 
506 |a License restrictions may limit access. 
588 |a Description based on: Vol. 4, no .5 (Sept./Oct. 2000); title from PDF (ProQuest, viewed Dec. 9, 2010). 
588 |a Latest issue consulted: Vol. 5, no. 4 (Sept./Oct. 2001) (viewed Dec. 9, 2010). 
650 0 |a People with disabilities  |z United States  |v Periodicals. 
650 7 |a People with disabilities.  |2 fast  |0 (OCoLC)fst01057245 
651 7 |a United States.  |2 fast  |0 (OCoLC)fst01204155 
655 0 |a Electronic journals. 
776 0 8 |i Print version:  |t WeMedia  |w (OCoLC)45321453 
780 0 0 |t We (New York, N.Y. : 1997)  |w (DLC) 2010268576  |w (OCoLC)60623661 
856 4 0 |z Full text available from Research Library: 09/01/2000 to 09/30/2001  |u https://search.proquest.com/publication/45481